000 01462nam0a22003251 4500
001 v19\rc\1616953
005 20250618225416.0
035 _a(NLR Aleph) 004735238
090 _a4467493
_c4467493
100 _a20061002e18981898|||y0rusy50 ca
101 0 _arus
102 _aRU
105 _ay z |||||
200 1 _aВопрос о нищенстве и бродяжестве на Международном пенитенциарном конгрессе в Париже 1895 года
_f[А. Жижиленко]
210 _a[Санкт-Петербург
_d1898]
215 _a32 с.
_d26
300 _aАвт. указан в конце текста
311 _aОтт. из: Трудовая помощь, 1898, № 11, с. 476-489 и № 12, с. 596-614
488 0 _12001#$aТрудовая помощь$v1898, № 11
_1215##$aС. 476-489
_tТрудовая помощь
488 0 _12001#$aТрудовая помощь$v1898, № 12
_1215##$aС. 596-614
_tТрудовая помощь
700 1 _7ca
_8rus
_aЖижиленко
_bА. А.
_f1873-
_gАлександр Александрович
_9208013
_3RU\NLR\AUTH\770208066
712 1 2 _aМеждународный пенитенциарный конгресс
_d5
_f1895
_eПариж
801 0 _aRU
_bNLR
_gpsbo
801 0 _aRU
_bRuMoRGB
_2psbo
801 1 _aRU
_bProSoft-M
_2rusmarc
852 _aNLR
_j18.332.2.455
899 _aНБ СПбГУ
942 _cBOOK
980 _aNB